1165 1906 1206 1564 1848 1076 1253 1838 1361 1902 1462 1273 1249 1620 1988 1546 1560 1630 1501 1772 1162 1888 1418 1928 1253 1701 1438 1994 1974 1955 1583 1113 1952 1910 1937 1801 1528 1513 1413 1725 1271 1381 1400 1396 1987 1335 1852 1712 1191 1255 1302 1225 1744 1776 1180 1823 1928 1160 1577 1702 1908 1132 1485 1563 1466 1803 1875 1598 1767 1775 1875 1398 1801 1130 1115 1942 1869 1783 1919 1028 1163 1152 1860 1656 1123 1574 1028 1801 1531 1207 1762 1670 1222 1984 1798 1525 1844 2000 1427 BCNSPRNW ULIB Ver.6.0+V

เปลี่ยนเป็นภาษาไทย

Change to English
 แสดงรายละเอียดบรรณานุกรม
  กลับหน้าหลัก

Brief Record : Get Marc (ISO 2709) : E-mail record : QR code < ปิดหน้าต่าง
LEADER : 00000nam 2200000uu 4500
001    13399111829
003     ULIB
008    110627s2551||||th 000 0 tha d
020    9789740438496
090    นว.^bร144ง 2551
100 0  รพีรำไพ
245 00 เงาพิศวาส/^cรพีรำไพ
250    พิมพ์ครั้งที่ 1
260    กรุงเทพฯ :^bพลอยชมพู,^c2551
300    330 หน้า
945    ^p229^l0^i023597
995    ทศพร
999 ^a ใช้งานได้ทุกระบบ
รายการนี้ยังไม่มีแท็ก
คุณยังไม่ได้ล็อกอิน คุณสามารถมีกิจกรรมร่วมกับเว็บไซต์ได้ แต่ต้องล็อกอินก่อน ::
  ล็อกอิน

รายการสื่อสารสนเทศ

ลำดับที่ ประเภท เลขเรียก/บาร์โค้ด สถานที่ สถานะ
- ไม่พบข้อมูล -

BibComment


ยังไม่เคยถูกคอมเมนท์

คอมเมนท์ทรัพยากรรายการนี้
  คอมเมนท์: เงาพิศวาส รพีรำไพ


 Copyright 2026. Bcnsprnw @Library